| 000 | 01012 a2200217 4500 | ||
|---|---|---|---|
| 003 | Nust | ||
| 005 | 20221206104334.0 | ||
| 010 | _a 75015888 | ||
| 020 | _a0914894528 : | ||
| 040 | _cNust | ||
| 082 | 0 | 0 | _a621.381537,FRI |
| 100 | 1 |
_aFriedman, Arthur D. _9104193 |
|
| 245 | 1 | 0 |
_aTheory & design of switching circuits / _cArthur D. Friedman, Premachandran R. Menon. |
| 260 |
_aWoodland Hills, Calif. : _bComputer Science Press, _c[1975] |
||
| 300 |
_axii, 581 p. : _bill. ; _c24 cm. |
||
| 440 | 0 |
_aDigital system design series _993881 |
|
| 505 | _aFundamental Concepts (Page-3), Combinational Circuits (Page-65), Sequential Circuits (Page-120), Asynchronous Sequential Circuits (Page-195), Structurally Simple Realizations of Sequential Machines (Page-286), Modulator Logic Design (Page-379), Physical Design Problems (Page-437), Mathematical Models and Magnetic Bubble Logic (Page-532). | ||
| 650 | 0 |
_aTelecommunications Engineering. _958485 |
|
| 700 | 1 |
_aMenon, Premachandran R. _9104194 |
|
| 942 |
_2ddc _cBK |
||
| 999 |
_c182428 _d182428 |
||